| 000 | 00356nam a22001457a 4500 | ||
|---|---|---|---|
| 003 | OSt | ||
| 005 | 20250324124149.0 | ||
| 008 | 250324b |||||||| |||| 00| 0 eng d | ||
| 020 | _a9781788835824 | ||
| 040 | _c | ||
| 082 |
_a005.7 _bSYE |
||
| 245 |
_aBig Data Architects Handbook _cSyed Muhammad Fahad Akhtar |
||
| 260 |
_bPACKT _c2018 |
||
| 942 |
_2ddc _cRB _n0 |
||
| 999 |
_c36212 _d36212 |
||